| Tag |
First Indicator |
Second Indicator |
Subfields |
| LEADER |
00000cam a22000007a 4500 |
| 001 |
in00000004646 |
| 005 |
20151007051230.0 |
| 008 |
990607s1999 xxu f000 0 eng d |
| 035 |
|
|
|a (OCoLC)
|
| 035 |
|
|
|a tmp97149114
|
| 035 |
|
|
|9 AJH5063AM
|
| 040 |
|
|
|a MvI
|c MvI
|d UtOrBLW
|
| 049 |
|
|
|a UDOC
|
| 074 |
|
|
|a 0086-C
|
| 086 |
0 |
|
|a A 13.36/2-6:R 8 RG-255
|
| 245 |
0 |
0 |
|a Delta and Homochitto National Forests, Mississippi, Forest Service Southern Region.
|
| 264 |
|
1 |
|a [Place of publication not identified] :
|b [publisher not identified],
|c [1999?]
|
| 336 |
|
|
|a text
|b txt
|2 rdacontent
|
| 337 |
|
|
|a unmediated
|b n
|2 rdamedia
|
| 338 |
|
|
|a volume
|b nc
|2 rdacarrier
|
| 500 |
|
|
|a Shipping List #: 99-0244-P
|
| 500 |
|
|
|a Shipping List Date: 05/24/99
|
| 710 |
1 |
|
|a United States.
|b Forest Service.
|
| 999 |
|
|
|a MARS
|
| 999 |
f |
f |
|s 26a7dabf-b5f7-3618-82a3-5c38bf3d8cd7
|i 644bfca4-2d03-3019-9fdf-76130dc78f9a
|t 0
|
| 952 |
f |
f |
|p noncirc
|a Texas A&M University
|b College Station
|c Sterling C. Evans Library
|d Evans: Maps (2nd floor)
|t 0
|e G3982.H65 1998.U55
|h Library of Congress classification
|i unmediated -- volume
|m A14824510993
|
| 998 |
f |
f |
|a G3982.H65 1998.U55
|t 0
|l Evans: Maps (2nd floor)
|